BIBLIOTECA PODER JUDICIAL
Portal Judicial TDF

La ejecutoriedad del acto administrativo luego de la llamada Ley de Bases : (Registro nro. 6317)

000 -LEADER
fixed length control field 01530nabaa22002057a 4500
003 - CONTROL NUMBER IDENTIFIER
control field OSt
005 - DATE AND TIME OF LATEST TRANSACTION
control field 20260130194656.0
008 - FIXED-LENGTH DATA ELEMENTS--GENERAL INFORMATION
fixed length control field 190701b xxu||||| |||| 00| 0 spa d
040 ## - CATALOGING SOURCE
Transcribing agency PJ
100 ## - MAIN ENTRY--PERSONAL NAME
9 (RLIN) 6896
Personal name Bonato, Mauro R.
245 13 - TITLE STATEMENT
Title La ejecutoriedad del acto administrativo luego de la llamada Ley de Bases :
Remainder of title ¿regla o excepción? /
Statement of responsibility, etc Mauro R. Bonato.
300 ## - PHYSICAL DESCRIPTION
Extent p. 12-51
500 ## - GENERAL NOTE
General note Cita: TR LALEY AR/DOC/2586/2025
505 ## - FORMATTED CONTENTS NOTE
Formatted contents note Sumario: I. Introducción.— II. Ejecutoriedad. En búsqueda de un concepto. — III. Distinción con nociones similares.— IV. Fundamento.— V. Carácter esencial del acto o figura legal contingente.— VI. Manifestaciones de la ejecutoriedad del acto administrativo.— VII. Ejecutoriedad en derecho comparado.— VIII. Clases de ejecutoriedad. Ejecutoriedad propia e impropia.— IX. Ejecutoriedad en nuestro derecho positivo: regla y excepción.— X. Ejecutoriedad en los hechos: regla y excepción.— XI. Alcances y trámite.— XII. Medios para llevar adelante la ejecutoriedad del acto.— XIII. Ejecutoriedad y efectos de los recursos administrativos que se interpongan contra el acto administrativo.— XIV. A modo de colofón.
505 ## - FORMATTED CONTENTS NOTE
Title ¿Te interesa el texto completo? Comunicate al correo: koha@justierradelfuego.gov.ar
650 #0 - SUBJECT ADDED ENTRY--TOPICAL TERM
9 (RLIN) 211
Topical term or geographic name as entry element DERECHO ADMINISTRATIVO
650 #0 - SUBJECT ADDED ENTRY--TOPICAL TERM
Topical term or geographic name as entry element ACTO ADMINISTRATIVO
9 (RLIN) 1171
773 0# - HOST ITEM ENTRY
Host Biblionumber 2842
Host Itemnumber 3251
Place, publisher, and date of publication Buenos Aires : AbeledoPerrot, 2012-
Other item identifier DA121
Title Derecho administrativo. Nº 162 noviembre/diciembre 2025
International Standard Book Number 18510590
942 ## - ADDED ENTRY ELEMENTS (KOHA)
Source of classification or shelving scheme
Koha item type Analítica Artículo de Revista

No hay ítems disponibles.

12 de Octubre 789 Ushuaia - Tel:  54(02901)441571
Horario de Atención: 8.00 a 17.00 hs. 
bibliotecaush@justierradelfuego.gov.ar
koha@justierradelfuego.gov.ar
Seguinos en nuestras redes @bibliojustdf 

Con tecnología Koha